000
00281nam a22001337a 4500
003
SGT
082
_a
615
_b
CHA
100
_a
CHAUDHARY, VR. TARUN
245
_a
PHARMACEUTICS -I
260
_a
INDIA
_b
IP PUB.
_c
2024
300
_a
198
650
_a
PHARMACEUTICS
942
_2
ddc
_c
BK
999
_c
32491
_d
32491